| 000 | 01416nam a2200313Ia 4500 | ||
|---|---|---|---|
| 003 | OSt | ||
| 005 | 20201028192815.0 | ||
| 008 | 191128t1991 ck ad gr 000 0dspa d | ||
| 020 | _a9589042937 | ||
| 040 |
_aCO-JMCR _cCO-JMCR |
||
| 041 | 1 |
_aspa _heng |
|
| 082 | 0 | 4 |
_a658.4092 / _bJ117d _223 |
| 100 | 1 |
_aJaap, Tom, _eautor _912136 |
|
| 245 | 1 | 0 |
_aDesarrollo del liderazgo / _cTom Jaap ; traducción: Zulma Ramos Ramírez ; revisión técnica, Humberto Serna Gómez |
| 260 |
_aBogotá : _bLegís, _c©1991 |
||
| 300 |
_ax, 238 páginas : _bgráficos a blanco y negro ; _c24 cm. |
||
| 490 | 0 | _aSerie Empresarial | |
| 500 | _aIncluye datos biográficos del autor en solapa posterior y glosario. | ||
| 505 | 0 | _aPreparación del escenario -- Fundamento de la capacitación -- Capacitación en los resultados | |
| 520 | 3 | _aEn un mundo de cambio constante y competencia creciente, donde la gente requiere más y más información sobre los factores que afectan su vida laboral, ¿qué es más efectivo que la gerencia? Es una pregunta que Tom Jaap confronta en este interesante libro. | |
| 534 | _pEnabling Leadership | ||
| 546 | _aTraducido del inglés | ||
| 650 | 1 | 4 |
_aLiderazgo _912137 |
| 650 | 1 | 4 |
_aLiderazgo _xenseñanza _912138 |
| 650 | 1 | 4 |
_aLiderazgo _xmanuales _912139 |
| 700 | 1 |
_aRamos Ramírez, Zulma, _etraductora _912140 |
|
| 700 | 1 |
_aSerna Gómez, Humberto, _erevisor _911756 |
|
| 942 |
_2ddc _cBK |
||
| 999 |
_c6169 _d6169 |
||